Oekonomik der sozialistischen Landwirtschaftsbetriebe.

Uložené v:
Podrobná bibliografia
Médium: Kniha
Jazyk:German
Vydané: Berlin : VEB Deutscher Landwirtschaftsverlag, 1961.
Vydanie:1. aufl.
ISBN: (viaz.)
Fyzický popis: 380 s.
Tagy: Pridať tag
Žiadne tagy, Buďte prvý kto otaguje tento záznam!

MARC

LEADER 00000nam a22000004a 4500
001 000463576
005 20150411113023.0
008 150411s1961 gw e 000 0 gwr d
020 |a (viaz.)  |c Kčs 14,10 
040 |a SVKKK  |b slo  |c SVKKK  |e AACR2 
041 0 |a ger 
044 |a gw  |c DE 
245 1 0 |a Oekonomik der sozialistischen Landwirtschaftsbetriebe. 
250 |a 1. aufl. 
260 |a Berlin :  |b VEB Deutscher Landwirtschaftsverlag,  |c 1961. 
300 |a 380 s. 
910 |a svkkk 
998 |a BK 
090 |g SCKHL  |k Sklad Pribinova 1. posch.  |a IV.27010  |j 307729  |i 463576-10  |s Absenčne